Cuerpo y alma de Italia / (Record no. 113974)

MARC details
000 -LEADER
campo de control de longitud fija 00483nam a2200169 4500
001 - NÚMERO DE CONTROL
campo de control 113974
003 - IDENTIFICADOR DE NÚMERO DE CONTROL
campo de control ES-MaACL
005 - FECHA Y HORA DE LA ÚLTIMA TRANSACCIÓN
campo de control 20230906190040.0
007 - CAMPO FIJO DE DESCRIPCIÓN FÍSICA--INFORMACIÓN GENERAL
campo de control de longitud fija t|
008 - DATOS DE LONGITUD FIJA--INFORMACIÓN GENERAL
campo de control de longitud fija 061121s1958 sp r ||||1| spa d
100 1# - ENTRADA PRINCIPAL--NOMBRE DE PERSONA
Nombre de persona Pagola Lanz, Miguel.
9 (RLIN) 88307
245 10 - MENCIÓN DEL TÍTULO
Título Cuerpo y alma de Italia /
Mención de responsabilidad, etc. Miguel Pagola Lanz.
260 ## - PUBLICACIÓN, DISTRIBUCIÓN, ETC.
Lugar de publicación, distribución, etc. Madrid :
Nombre del editor, distribuidor, etc. Pueyo,
Fecha de publicación, distribución, etc. 1958.
300 ## - DESCRIPCIÓN FÍSICA
Extensión 1 v. ;
Dimensiones 19 cm.
505 8# - NOTA DE CONTENIDO CON FORMATO
Nota de contenido con formato Contiene: V. I . La Ciudad del Vaticano,160 p.
852 ## - LOCALIZACIÓN
Ubicación ES-MaACL
Número de control de estantería C-15541
Sublocalización o colección R.43061
Holdings
Estatus retirado Estado de pérdida Estado de daño No para préstamo Biblioteca de origen Biblioteca actual Ubicación en estantería Fecha de adquisición Fuente de adquisición Total de préstamos Signatura topográfica completa Código de barras Visto por última vez Precio de reemplazo Tipo de ítem Koha
        Biblioteca del Ateneo de Madrid Biblioteca del Ateneo de Madrid Ficheros 17/01/2008     C-15541 1118863 23/02/2023 23/02/2023 Libro impreso